Nalaganje...

Rural marketing

Bibliografske podrobnosti
Glavni avtor: Pradeep Kashyap
Format: Printed Book
Izdano: Delhi Pearson India Education Services 2016
Izdaja:3
Teme:
LEADER 01066nam a22002417a 4500
003 OSt
020 |a 9789332543607 
082 |a 658.804  |b PRA/RU 
100 |a Pradeep Kashyap 
245 |a Rural marketing 
250 |a 3 
260 |a Delhi  |b Pearson India Education Services  |c 2016 
300 |a xxv, 318p. 
546 |a English 
650 |a Rural India 
650 |a Rural Marketing Environment 
650 |a Rural Consumer Behaviour 
650 |a Rural Marketing Research 
942 |2 ddc  |c BK 
999 |c 160476  |d 160476 
952 |0 0  |1 0  |2 ddc  |4 0  |6 658_804000000000000_PRARU  |7 0  |8 Gen  |9 159196  |a KAUCLV  |b KAUCLV  |c GENERAL  |d 2018-05-19  |g 549.00  |l 6  |m 1  |o 658.804 PRA/RU  |p 228094  |r 2020-01-09  |s 2020-01-09  |w 2018-05-19  |y BK 
952 |0 0  |1 0  |2 ddc  |4 0  |6 658_804000000000000_PRARU  |7 0  |8 Gen  |9 159197  |a KAUCLV  |b KAUCLV  |c GENERAL  |d 2018-05-19  |g 549.00  |l 4  |o 658.804 PRA/RU  |p 228095  |r 2020-02-06  |s 2020-01-27  |w 2018-05-19  |y BK 
952 |0 0  |1 0  |2 ddc  |4 0  |6 658_804000000000000_PRARU  |7 0  |8 Gen  |9 159198  |a KAUCLV  |b KAUCLV  |c GENERAL  |d 2018-05-19  |g 549.00  |l 7  |m 1  |o 658.804 PRA/RU  |p 228096  |r 2020-02-06  |s 2020-01-27  |w 2018-05-19  |y BK